Teatro difícil

Salvato in:
Dettagli Bibliografici
Autore principale: Díaz, Jorge
Natura: Libro
Lingua:Undetermined
Pubblicazione: Madrid, España Escelicer 1971
Soggetti:
Tags: Aggiungi Tag
Nessun Tag, puoi essere il primo ad aggiungerne!!

MARC

LEADER 00000nam a2200000Ia 4500
008 170316s9999 xx 000 0 und d
040 |a cru BVZT 
090 |a 862 D-4t 
100 |a Díaz, Jorge 
245 |a Teatro difícil 
260 |a Madrid, España 
260 |b Escelicer 
260 |c 1971 
300 |a 240 páginas 
650 |a LITERATURA ESPAÑOLA 
999 |c 9799  |d 9799 
942 |c 15 D  |h 862 D-4t  |2 z